| 000 | 00541cam a2200217 4500 | ||
|---|---|---|---|
| 001 | 45545 | ||
| 010 | _a9725684001 | ||
| 021 | _b123751/98 | ||
| 090 | _a45545 | ||
| 100 | _a19990729d1998 cd y0pory5003 ba | ||
| 101 | 1 | _apor | |
| 102 | _aPT | ||
| 200 | 1 |
_aPinĂ³quio _fil. Claudio Cernuschi |
|
| 210 | 9 |
_a[S.l.] _c2008 C. C. Asturias _d[2008] |
|
| 215 |
_a[24] p. _cmuito il. |
||
| 225 | 2 | _aEra uma vez | |
| 675 |
_a087.5 _vBN _zpor |
||
| 700 | 1 |
_aCernuschi, _bClaudio, _f1966- |
|
| 701 | 1 |
_aDe Filippo, _bMaria _4070 |
|
| 801 | 0 |
_aPT _bBN _gRPC |
|
| 990 | _cLIVROS | ||